000 01332cam a22004214i 4500
003 PE-LiUPU
005 20250731173249.0
008 150625s r 000 0 d
035 _a(Sirsi) a35530
040 _aPE-LiUPU
_bspa
_cPE-LiUPU
_erda
082 0 4 _a231.45
_bF84
_221
100 1 _aFrossard, André,
_eautor.
245 1 0 _aDios existe :
_byo me lo encontré /
_cAndre Frossard.
264 1 _aMadrid :
_bEdiciones Rialp, S.A,
_c1988.
300 _a175 páginas ;
_c19 cm.
336 _atext
_2rdacontent
337 _aunmediated
_2rdamedia
338 _avolume
_2rdacarrier
505 0 _aDios existe. -Epilogo, por Juan José Lopez Ibor.
526 _aSEG42
526 _aSEG41
526 _aSEG40
526 _aSEG39
526 _aP94
526 _aP87
526 _aP86
526 _aP85
526 _aP77
526 _aP76
526 _aP35
650 0 4 _aDios.
_93786
910 _a
942 _2ddc
_cBOOK
949 _a231.45 F84
_wDEWEY
_c1
_i37268
_lCCODEBUL1
_mBUL
_p00.00
_r0
_sY
_tBOOK
_u2015-06-25
_xBIBLIOTECA
_zUNKNOWN
_0COMPRA
_o.STAFF. Colección General
596 _a1
999 _a231.45 F84
_wDEWEY
_c43505
_i37268
_f2021-11-11
_g5
_lCCODEBUL1
_mBUL
_r0
_sY
_tBOOK
_u2015-6-25
_xTEOLOGIA
_zUNKNOWN
_0COMPRA
_o.STAFF. Colección General
_d43505
980 _81
_gALBERTO SANCHEZ Responsable de Automatización